000 00989nam a2200253 a 4500
999 _c9536
_d9536
001 9536
003 BD-JhCC
005 20180318130813.0
008 180318s1998 bg a|||| ||a| 000 0 ben d
035 _a(BD-JhCC)9536
040 _aBD-JhCC
_dBD-JhCC
041 _aben
082 _a581
_bHOS 1998
100 _aহোসেন, এ. বি. এম. এনায়েত
245 _aউচ্চ মাধ্যমিক জীববিজ্ঞান (প্রথম পত্র : উদ্ভিদবিজ্ঞান) /
_cএ. বি. এম. এনায়েত হোসেন, গাজী এস. এম. আজমল এবং সফিউর রহমান
260 _aঢাকা :
_bগাজী পাবলিশার্স,
_c1998
300 _a464 p. :
_c25 cm.
650 _aPlants
650 _aBiology
700 _aআজমল, গাজী এস. এম.
700 _aরহমান, সফিউর
942 _2ddc
_cBK